| 000 | 00950nam a22002897a 4500 | ||
|---|---|---|---|
| 001 | 000730 | ||
| 003 | DO-SdBNP | ||
| 005 | 20180209124918.0 | ||
| 007 | 000730 | ||
| 008 | 161123b 2003 mx a ||||| |||| 00| 0 spa d | ||
| 020 | _a9687791764 | ||
| 020 | _a970688355X | ||
| 040 |
_aBPMSU _bspa _cBPMSU |
||
| 100 | 1 | _aMuñoz Ledo, Norma | |
| 245 | 1 | 0 |
_aEl nuevo restaurante de Pierre Quintonil / _cNorma Muñoz Ledo ; ilustraciones Gabriel Gutiérrez. |
| 260 |
_aMéxico, D. F. : _bSM, _c2003. _g2005 |
||
| 300 |
_a124 p. : _bil. ; _c19 cm. |
||
| 490 | 1 |
_aBarco de vapor. Serie naranja _v16 |
|
| 500 | _aPrimera reimpresión de la primera edición: México, 2005 | ||
| 500 | _a"A partir de 9 años" | ||
| 500 | _aIncluye datos del autor | ||
| 700 | 1 | 2 |
_aGutiérrez, Gabriel, _eil. |
| 830 | 0 |
_aBarco de vapor. Serie naranja ; _v16 |
|
| 942 |
_2ddc _cBK |
||
| 945 | _aInventariado, 2018 /LP | ||
| 956 |
_aLOPEREZ _b10 _c20161123 _hBPMSU |
||
| 999 |
_c12045 _d12045 |
||